[Event "Corrientes Mayor Rosarino op"]
[Site "Corrientes"]
[Date "2022.10.08"]
[Round "5"]
[White "Suarez, Laureano"]
[Black "Micalizio, Hugo"]
[Result "1/2-1/2"]
[WhiteElo "1574"]
[BlackElo "1837"]
[PlyCount "72"]
[EventDate "2022.10.06"]
[EventType "swiss"]
[EventRounds "9"]
[EventCountry "ARG"]
[SourceTitle "CBM 210 Extra"]
[Source "ChessBase"]
[SourceDate "2022.11.30"]
[SourceVersion "1"]
[SourceVersionDate "2022.11.30"]
[SourceQuality "1"]

1. e4 e5 2. Nf3 d5 3. Nxe5 Qe7 4. d4 f6 5. Nd3 Nc6 6. Be3 dxe4 7. d5 Nb4 8. Nxb4 Qxb4+ 9. Nd2 f5 10. Bc4 Bd6 11. Bd4 Ne7 12. Bxg7 Rg8 13. Qh5+ Kd7 14. Bc3 Qc5 15. Bb3 a5 16. a4 b6 17. Qxh7 e3 18. fxe3 Qxe3+ 19. Kd1 Rxg2 20. Re1 Rg1 21. Nc4 Qf3+ 22. Kc1 Rxe1+ 23. Bxe1 Qe2 24. Qh4 Ba6 25. Kb1 Bxc4 26. Bxc4 Qxh2 27. Bb5+ c6 28. dxc6+ Kc7 29. Ka2 Qxh4 30. Bxh4 Ng6 31. Bf2 f4 32. Rg1 Ne7 33. Rd1 Nf5 34. Rh1 Re8 35. Rh5 Ne3 36. Rh7+ Re7 1/2-1/2

[Event "Corrientes Mayor Rosarino op"]
[Site "Corrientes"]
[Date "2022.10.07"]
[Round "3"]
[White "Suarez, Laureano"]
[Black "Gutierrez, Ramiro1111"]
[Result "0-1"]
[WhiteElo "1574"]
[BlackElo "1864"]
[PlyCount "72"]
[EventDate "2022.10.06"]
[EventType "swiss"]
[EventRounds "9"]
[EventCountry "ARG"]
[SourceTitle "CBM 210 Extra"]
[Source "ChessBase"]
[SourceDate "2022.11.30"]
[SourceVersion "1"]
[SourceVersionDate "2022.11.30"]
[SourceQuality "1"]

1. e4 e5 2. Nf3 Nf6 3. Nxe5 d6 4. Nf3 Nxe4 5. d4 d5 6. Bd3 Bd6 7. 0-0 0-0 8. c4 c6 9. Nc3 Nxc3 10. bxc3 dxc4 11. Bxc4 Bf5 12. Be3 Nd7 13. Bd3 Bxd3 14. Qxd3 b5 15. Ng5 Nf6 16. Rfe1 Qc7 17. h3 h6 18. Ne4 Nxe4 19. Qxe4 Rfe8 20. Qd3 a6 21. a4 Qd7 22. Red1 Qe6 23. d5 Qe5 24. g3 cxd5 25. Qxd5 Rad8 26. axb5 axb5 27. Qb3 Qf5 28. Kg2 Qe4+ 29. Kg1 Bxg3 30. Qxb5 Be5 31. Bd4 Bxd4 32. cxd4 Rd5 33. Qf1 Rg5+ 34. Kh2 Qf4+ 35. Kh1 Qf3+ 36. Kh2 Re2 0-1